[Event "Fajr op 28th"]
[Site "Chabahar"]
[Date "2020.02.07"]
[Round "6"]
[White "Mirzoev, Azer"]
[Black "Khademi, Mohammad Miran"]
[Result "1/2-1/2"]
[WhiteElo "2439"]
[BlackElo "2301"]
[PlyCount "151"]
[EventDate "2020.02.03"]
[EventType "swiss"]
[EventRounds "9"]
[EventCountry "IRI"]
[SourceTitle "CBM 194 Extra"]
[Source "ChessBase"]
[SourceDate "2020.03.31"]
[SourceVersion "1"]
[SourceVersionDate "2020.03.31"]
[SourceQuality "1"]

1. d4 Nf6 2. Nf3 b6 3. c4 Ba6 4. Nbd2 c5 5. d5 b5 6. b3 Qa5 7. Qc2 bxc4 8. bxc4 d6 9. e4 Nbd7 10. Bd3 g6 11. 0-0 Bg7 12. Bb2 0-0 13. Bc3 Qd8 14. Rfe1 Bc8 15. h3 Nb6 16. e5 Ne8 17. Rad1 Rb8 18. Re3 Qd7 19. exd6 exd6 20. Bxg7 Nxg7 21. Rde1 Rb7 22. Ne4 Qd8 23. Qc3 f5 24. Neg5 Qf6 25. Qxf6 Rxf6 26. Nd2 Rf8 27. Nb3 h6 28. Nf3 Bd7 29. Nh4 Kf7 30. g4 Kf6 31. gxf5 gxf5 32. Kh2 f4 33. Re4 Nh5 34. Rg1 Kf7 35. Be2 Ng7 36. Rxf4+ Kg8 37. Rxf8+ Kxf8 38. Rg6 Ne8 39. Rxh6 a5 40. Rh7 Nf6 41. Ng6+ Kg8 42. Re7 Nc8 43. Re3 a4 44. Nc1 Rb1 45. Rc3 Ne4 46. Rc2 Nxf2 47. Nf4 a3 48. Ncd3 Bf5 49. Kg2 Nd1 50. Kg3 Nb6 51. Bg4 Ne3 52. Re2 Nbxc4 53. Bxf5 Nxf5+ 54. Kg4 Nce3+ 55. Kg5 c4 56. Ne1 Kf7 57. Neg2 Rg1 58. Re1 Rxg2+ 59. Nxg2 Nxg2 60. Rc1 Nfe3 61. h4 Nxd5 62. Rxc4 Ne1 63. Ra4 Nc2 64. h5 Ncb4 65. Rxa3 Nc6 66. Rd3 Ke6 67. h6 Ne5 68. Rd1 Nc3 69. Re1 Kf7 70. Rf1+ Kg8 71. Rc1 Nxa2 72. Rc8+ Kh7 73. Rc7+ Kg8 74. Rc8+ Kh7 75. Rc7+ Kh8 76. Rc8+ 1/2-1/2

[Event "Avicenna op 16th"]
[Site "Hamedan"]
[Date "2019.09.19"]
[Round "9"]
[White "Baradaran Tamadon, Arian"]
[Black "Khademi, Mohammad Miran"]
[Result "0-1"]
[WhiteElo "2001"]
[BlackElo "2262"]
[PlyCount "132"]
[EventDate "2019.09.12"]
[EventType "swiss"]
[EventRounds "9"]
[EventCountry "IRI"]
[SourceTitle "EXT 2020"]
[Source "ChessBase"]
[SourceDate "2019.10.17"]
[SourceVersion "1"]
[SourceVersionDate "2019.10.17"]
[SourceQuality "1"]

1. e4 g6 2. d4 d5 3. exd5 Bg7 4. Nf3 Qxd5 5. Nc3 Qa5 6. Bc4 Nh6 7. Bd2 c6 8. Qe2 Qc7 9. Ne4 0-0 10. 0-0 Nd7 11. Ng3 Nb6 12. Bd3 Nd5 13. c4 Nf4 14. Bxf4 Qxf4 15. Qxe7 Bxd4 16. Nxd4 Qxd4 17. Qa3 Be6 18. Rad1 Rfd8 19. Qb3 b5 20. Qc2 Bg4 21. Be2 Qe5 22. Bxg4 Nxg4 23. cxb5 cxb5 24. Qe2 h5 25. h3 Qxe2 26. Nxe2 Ne5 27. Nc3 b4 28. Nd5 a5 29. Rfe1 Nc4 30. b3 Na3 31. Ne7+ Kg7 32. Rxd8 Rxd8 33. Nc6 Rd2 34. Nxa5 Rxa2 35. Nc6 Nc2 36. Re4 Ra1+ 37. Kh2 Rf1 38. Re2 Rc1 39. Re4 Na1 40. Na5 Rc5 41. Nb7 Rb5 42. Nd6 Rd5 43. Ne8+ Kf8 44. Nc7 Rd2 45. Kg3 Nc2 46. Rc4 g5 47. h4 gxh4+ 48. Kxh4 Rxf2 49. Kxh5 Rxg2 50. Nd5 Rh2+ 51. Kg5 Kg7 52. Nxb4 Ne3 53. Re4 Rh3 54. Kf4 Ng2+ 55. Ke5 Nh4 56. Nd5 Ng6+ 57. Kd4 Rxb3 58. Re3 Rb8 59. Ne7 Rd8+ 60. Kc4 Nxe7 61. Rxe7 Kg6 62. Re3 Kg5 63. Rd3 Rxd3 64. Kxd3 Kf4 65. Ke2 Kg3 66. Kf1 f5 0-1

[Event "Avicenna op 16th"]
[Site "Hamedan"]
[Date "2019.09.17"]
[Round "7"]
[White "Daghli, Arash"]
[Black "Khademi, Mohammad Miran"]
[Result "1/2-1/2"]
[WhiteElo "2392"]
[BlackElo "2262"]
[PlyCount "104"]
[EventDate "2019.09.12"]
[EventType "swiss"]
[EventRounds "9"]
[EventCountry "IRI"]
[SourceTitle "EXT 2020"]
[Source "ChessBase"]
[SourceDate "2019.10.17"]
[SourceVersion "1"]
[SourceVersionDate "2019.10.17"]
[SourceQuality "1"]

1. e4 Nf6 2. e5 Nd5 3. d4 d6 4. Nf3 g6 5. c4 Nb6 6. exd6 cxd6 7. Nc3 Bg7 8. Bg5 Bg4 9. Be2 Nc6 10. 0-0 Bxf3 11. Bxf3 Nxc4 12. Re1 f6 13. Bh4 Qd7 14. Bd5 Nb6 15. Be6 Qd8 16. Rc1 a6 17. Nd5 Kf8 18. Rc3 Bh6 19. Rf3 Nxd5 20. Bxd5 Rc8 21. Be6 Rc7 22. g4 Nb4 23. g5 Bg7 24. a3 Nc6 25. Qd3 Qe8 26. Ba2 f5 27. Bg3 Nxd4 28. Rf4 Nc6 29. Rxf5+ gxf5 30. Qxf5+ Bf6 31. Bxd6 Qg6 32. Qxg6 hxg6 33. Bxc7 Bxg5 34. Bd5 Bf6 35. b3 Rh5 36. Bxc6 bxc6 37. Rc1 c5 38. Bb6 Bd4 39. b4 Bb2 40. Rc2 Bxa3 41. bxc5 Kf7 42. c6 Rh8 43. Ra2 Bd6 44. Rxa6 Bxh2+ 45. Kg2 Bd6 46. Kf3 Ke6 47. Be3 Rh4 48. Ra1 Rc4 49. Rg1 Kf5 50. Rc1 Rxc1 51. Bxc1 Bc7 52. Ba3 Ke5 1/2-1/2

[Event "Avicenna op 16th"]
[Site "Hamedan"]
[Date "2019.09.14"]
[Round "4"]
[White "Khademi, Mohammad Miran"]
[Black "Hakemi, Arman"]
[Result "0-1"]
[WhiteElo "2262"]
[BlackElo "2288"]
[PlyCount "84"]
[EventDate "2019.09.12"]
[EventType "swiss"]
[EventRounds "9"]
[EventCountry "IRI"]
[SourceTitle "EXT 2020"]
[Source "ChessBase"]
[SourceDate "2019.10.17"]
[SourceVersion "1"]
[SourceVersionDate "2019.10.17"]
[SourceQuality "1"]

1. e4 e5 2. d4 exd4 3. Qxd4 Nc6 4. Qe3 Nf6 5. Nc3 Be7 6. Nf3 d5 7. Bb5 0-0 8. Bxc6 bxc6 9. 0-0 dxe4 10. Nxe4 Bf5 11. Nxf6+ Bxf6 12. c3 Re8 13. Qf4 Qd7 14. Qg3 Rab8 15. Bg5 Bxg5 16. Qxg5 h6 17. Qc1 c5 18. b3 Rb6 19. Qa3 Bh3 20. Rfe1 Bxg2 21. Rxe8+ Qxe8 22. Re1 Qa8 23. Nh4 Bh3 24. f3 g5 25. Qa4 Re6 26. Rxe6 Bxe6 27. Ng2 Qxf3 28. Qe8+ Kh7 29. c4 a5 30. Qe7 Qd1+ 31. Kf2 Qd2+ 32. Kf3 Qxa2 33. Qxc5 Qxb3+ 34. Ne3 Qb6 35. Qe5 Qd6 36. Qe4+ Kg7 37. Kg2 Qf4 38. Qd3 Qe5 39. Nf1 Bf5 40. Qb3 a4 41. Qxa4 Qe2+ 42. Kg1 Bh3 0-1

[Event "Mashhad Ferdowsi op 9th"]
[Site "Mashhad"]
[Date "2019.03.02"]
[Round "2"]
[White "Darini, Pouria"]
[Black "Khademi, Mohammad Miran"]
[Result "0-1"]
[WhiteElo "2474"]
[BlackElo "2266"]
[PlyCount "100"]
[EventDate "2019.03.01"]
[EventType "swiss"]
[EventRounds "9"]
[EventCountry "IRI"]
[SourceTitle "CBM 189 Extra"]
[Source "ChessBase"]
[SourceDate "2019.06.03"]
[SourceVersion "1"]
[SourceVersionDate "2019.06.03"]
[SourceQuality "1"]

1. e4 e5 2. Nf3 Nf6 3. Nxe5 d6 4. Nf3 Nxe4 5. d4 d5 6. Bd3 Bg4 7. Nbd2 f5 8. c3 Nc6 9. 0-0 Bd6 10. Qb3 Ne7 11. Ne5 Bxe5 12. dxe5 c6 13. Bc2 b5 14. a4 bxa4 15. Qxa4 Nc5 16. Qb4 Ne6 17. Qd6 f4 18. Re1 Kf7 19. Nb3 Bf5 20. Bxf5 Qxd6 21. exd6 Nxf5 22. Ra6 Rhc8 23. Na5 Nxd6 24. Nxc6 Nc4 25. b3 Nb6 26. Ne5+ Kg8 27. Bd2 Nc5 28. Ra3 Ne4 29. Bxf4 Nxc3 30. Be3 d4 31. Bd2 Rc7 32. Nd3 Rac8 33. Kf1 Nbd5 34. Rea1 Rb8 35. g3 Rf7 36. Kg2 Rbb7 37. Re1 h5 38. Ne5 Rfe7 39. f4 Rec7 40. Ng6 Nf6 41. Kf3 Nb5 42. Ra6 Rc2 43. Ba5 Nc7 44. Rxf6 gxf6 45. Ke4 Kf7 46. f5 Rxb3 47. Kxd4 Nb5+ 48. Kd5 Rd3+ 49. Ke4 Ra3 50. Bd8 Rd2 0-1

[Event "Karoun Masters Cup 6th"]
[Site "Ahvaz"]
[Date "2019.02.23"]
[Round "4"]
[White "Kreisl, Robert"]
[Black "Khademi, Mohammad Miran"]
[Result "1/2-1/2"]
[WhiteElo "2424"]
[BlackElo "2298"]
[PlyCount "29"]
[EventDate "2019.02.21"]
[EventType "swiss"]
[EventRounds "9"]
[EventCountry "IRI"]
[SourceTitle "CBM 189 Extra"]
[Source "ChessBase"]
[SourceDate "2019.06.03"]
[SourceVersion "1"]
[SourceVersionDate "2019.06.03"]
[SourceQuality "1"]

1. d4 g6 2. e4 Bg7 3. c4 c5 4. Nf3 d6 5. Nc3 cxd4 6. Nxd4 Nc6 7. Be3 Nf6 8. Be2 h5 9. h3 0-0 10. 0-0 Nd7 11. Rc1 a5 12. Ndb5 Nc5 13. f4 b6 14. Qd2 Bb7 15. Bf3 1/2-1/2

[Event "Fajr op 25th"]
[Site "Sareyn"]
[Date "2017.01.31"]
[Round "6"]
[White "Khademi, Mohammad Miran"]
[Black "Manafov, Vugar Gulam"]
[Result "1-0"]
[WhiteElo "2315"]
[BlackElo "2006"]
[PlyCount "119"]
[EventDate "2017.01.28"]
[EventType "swiss"]
[EventRounds "11"]
[EventCountry "IRI"]
[SourceTitle "CBM 176 Extra"]
[Source "ChessBase"]
[SourceDate "2017.03.02"]
[SourceVersion "1"]
[SourceVersionDate "2017.03.02"]
[SourceQuality "1"]

1. e4 Nf6 2. Nc3 d5 3. e5 Nfd7 4. d4 c5 5. Nf3 e6 6. Be3 cxd4 7. Bxd4 Nc6 8. Be2 Nxd4 9. Qxd4 Bc5 10. Qg4 0-0 11. 0-0 Qc7 12. Qh5 Be7 13. Rad1 g6 14. Qh6 Nxe5 15. Ng5 Bxg5 16. Qxg5 Nc6 17. Rfe1 Qe7 18. Qh6 d4 19. Ne4 f5 20. Ng5 Qg7 21. Qxg7+ Kxg7 22. Bf3 h6 23. Nxe6+ Bxe6 24. Rxe6 Rfe8 25. Rxc6 bxc6 26. Bxc6 Rac8 27. Bxe8 Rxe8 28. Kf1 Rc8 29. Rd2 Kf6 30. Ke2 Rb8 31. b3 Rc8 32. Kd3 Ke5 33. Re2+ Kd5 34. Re7 Rc3+ 35. Kd2 a6 36. Rd7+ Ke5 37. f4+ Ke4 38. Rd6 g5 39. fxg5 hxg5 40. Re6+ Kd5 41. Rxa6 g4 42. Rg6 Rc7 43. Rh6 Ke4 44. g3 Ra7 45. a4 Ra8 46. Re6+ Kd5 47. Rh6 Ke4 48. Rh7 Ra6 49. Re7+ Kd5 50. c4+ Kc5 51. Kd3 Rh6 52. Re5+ Kb4 53. Rb5+ Ka3 54. a5 Rxh2 55. a6 Rh8 56. Kxd4 Ra8 57. Kc3 Rxa6 58. b4 Ka4 59. Rxf5 Ra7 60. Rf1 1-0

[Event "Rasht Khazar op 15th"]
[Site "Rasht"]
[Date "2017.01.23"]
[Round "5"]
[White "Alavi, Sayed Javad"]
[Black "Khademi, Mohammad Miran"]
[Result "1-0"]
[WhiteElo "2453"]
[BlackElo "2315"]
[PlyCount "69"]
[EventDate "2017.01.20"]
[EventType "swiss"]
[EventRounds "9"]
[EventCountry "IRI"]
[SourceTitle "CBM 176 Extra"]
[Source "ChessBase"]
[SourceDate "2017.03.02"]
[SourceVersion "1"]
[SourceVersionDate "2017.03.02"]
[SourceQuality "1"]

1. d4 d5 2. c4 c6 3. Nf3 Nf6 4. Qc2 g6 5. Bf4 Bg7 6. e3 Nbd7 7. Nc3 Nb6 8. c5 Nbd7 9. h3 0-0 10. Be2 b6 11. b4 bxc5 12. bxc5 Qa5 13. 0-0 Nh5 14. Bh2 Nxc5 15. g4 Ne4 16. Nxe4 dxe4 17. Qxe4 Nf6 18. Qxe7 Be6 19. Qc7 Qa4 20. Rfc1 Rac8 21. Qb7 Bd5 22. Ne5 Ne4 23. Qa6 Qb4 24. Bf3 Qd2 25. Qe2 Bxe5 26. Bxe5 Ng5 27. Rd1 Qxe2 28. Bxe2 Nxh3+ 29. Kf1 f5 30. gxf5 Rxf5 31. f4 Rcf8 32. Bg4 Rg5 33. Bxh3 Rg3 34. Bd7 Rd8 35. e4 1-0

[Event "Bandarabbas Galedari Cup 2nd"]
[Site "Bandarabbas"]
[Date "2015.12.04"]
[Round "8.1"]
[White "Khademi, Mohammad Miran"]
[Black "Mari Ooriad, Pouya"]
[Result "1-0"]
[WhiteElo "2241"]
[BlackElo "2215"]
[PlyCount "141"]
[EventDate "2015.11.29"]
[EventType "swiss"]
[EventRounds "9"]
[EventCountry "IRI"]
[SourceTitle "EXT 2024"]
[Source "ChessBase"]
[SourceDate "2023.10.10"]
[SourceVersion "1"]
[SourceVersionDate "2023.10.10"]
[SourceQuality "1"]

1. e4 c5 2. Nc3 Nc6 3. Bb5 Nd4 4. Bc4 e6 5. Nf3 Nf6 6. 0-0 a6 7. Re1 d6 8. Bd3 e5 9. Nxd4 cxd4 10. Ne2 Be7 11. c3 dxc3 12. dxc3 0-0 13. c4 Bg4 14. f3 Be6 15. Nc3 Nd7 16. Be3 Rc8 17. Qe2 g6 18. Rac1 Bg5 19. Red1 Bxe3+ 20. Qxe3 Qb6 21. Qxb6 Nxb6 22. b3 Rfd8 23. Bf1 Kf8 24. Rd3 Ke7 25. Rcd1 Rc6 26. g3 Nd7 27. f4 f6 28. Bg2 Rb8 29. f5 Bf7 30. fxg6 hxg6 31. Bh3 Nf8 32. a4 b6 33. Na2 a5 34. Nc3 Nh7 35. Nb5 Rd8 36. Rf1 Rf8 37. Nc3 Bg8 38. Bg4 Bf7 39. h4 Bg8 40. Nd1 Be6 41. Bxe6 Kxe6 42. Rdf3 Rc7 43. Ne3 Rcf7 44. g4 Rb7 45. Kh2 Rg7 46. Kg3 Rb7 47. Nd5 Rff7 48. Kf2 f5 49. gxf5+ gxf5 50. exf5+ Rxf5 51. Rxf5 Kxf5 52. Ke3+ Kg4 53. Ke4 Kxh4 54. Ne3 Kh5 55. Kd5 Rg7 56. Kxd6 Rg3 57. Rf5+ Kg6 58. Rxe5 Ng5 59. Kc6 Nf3 60. Re4 Kf6 61. Kxb6 Nd2 62. Nd5+ Kf5 63. Re3 Rxe3 64. Nxe3+ Ke4 65. c5 Kxe3 66. c6 Ne4 67. c7 Nd6 68. Kxa5 Kd4 69. Kb6 Kd5 70. a5 Ke6 71. Kc6 1-0

[Event "Bandarabbas Galedari Cup 2nd"]
[Site "Bandarabbas"]
[Date "2015.12.01"]
[Round "4.3"]
[White "Khademi, Mohammad Miran"]
[Black "Ghaledar, Faraz"]
[Result "1-0"]
[WhiteElo "2241"]
[BlackElo "2119"]
[PlyCount "79"]
[EventDate "2015.11.29"]
[EventType "swiss"]
[EventRounds "9"]
[EventCountry "IRI"]
[SourceTitle "EXT 2024"]
[Source "ChessBase"]
[SourceDate "2023.10.10"]
[SourceVersion "1"]
[SourceVersionDate "2023.10.10"]
[SourceQuality "1"]

1. e4 e6 2. d4 d5 3. Nd2 Nf6 4. e5 Nfd7 5. f4 c5 6. c3 Nc6 7. Ndf3 cxd4 8. cxd4 Bb4+ 9. Kf2 Qb6 10. Be3 f6 11. a3 Be7 12. b4 g5 13. g3 g4 14. Ne1 fxe5 15. dxe5 d4 16. Bc1 Ndxe5 17. fxe5 Nxe5 18. Bd3 Qc6 19. Bf4 Qxh1 20. Bb5+ Nc6 21. Ng2 e5 22. Bxe5 0-0+ 23. Bf4 Bf6 24. Qb3+ Kh8 25. Re1 Qxh2 26. Re8 Kg7 27. Rxf8 Kxf8 28. Qd5 Ne7 29. Qd8+ Kg7 30. Be5 Ng8 31. Qc7+ Kh8 32. Bxf6+ Nxf6 33. Qd8+ Kg7 34. Qe7+ Kg6 35. Ne2 Bf5 36. Nef4+ Kg5 37. Qg7+ Bg6 38. Bd3 Re8 39. Bxg6 Re2+ 40. Kxe2 1-0

[Event "Rasht Khazar op 13th"]
[Site "Rasht"]
[Date "2015.02.12"]
[Round "2"]
[White "Khademi, Mohammad Miran"]
[Black "Ghaem Maghami, Ehsan"]
[Result "1/2-1/2"]
[WhiteElo "2276"]
[BlackElo "2554"]
[PlyCount "134"]
[EventDate "2015.02.11"]
[EventType "swiss"]
[EventRounds "9"]
[EventCountry "IRI"]
[SourceTitle "CBM 164 Extra"]
[Source "ChessBase"]
[SourceDate "2015.03.02"]
[SourceVersion "1"]
[SourceVersionDate "2015.03.02"]
[SourceQuality "1"]

1. e4 c5 2. Nc3 Nc6 3. Bb5 Nd4 4. Bc4 e6 5. Nge2 Nf6 6. e5 d5 7. Nxd4 cxd4 8. Bb5+ Nd7 9. Ne2 Qb6 10. a4 a6 11. Bxd7+ Bxd7 12. b3 Rc8 13. Bb2 Bc5 14. Nf4 0-0 15. Qg4 Qc7 16. 0-0 Qxe5 17. Nd3 Qe4 18. Qxe4 dxe4 19. Nxc5 Rxc5 20. Bxd4 Rxc2 21. Bc3 Bc6 22. b4 Rd8 23. Rfb1 b5 24. axb5 Bxb5 25. Re1 Bd3 26. Ra5 f6 27. f3 exf3 28. gxf3 e5 29. Rc5 Rd7 30. Ra1 Bb5 31. Kf2 Rd3 32. h4 h5 33. Rg1 Rd7 34. Kg3 Kf7 35. Re1 Kg6 36. Rd1 Rd3 37. Kf2 Kf5 38. Rc7 g6 39. Rc5 Kf4 40. Bxe5+ fxe5 41. Rxc2 Rxf3+ 42. Kg2 Rb3 43. d4 e4 44. d5 e3 45. d6 e2 46. Rxe2 Bxe2 47. Rd4+ Ke3 48. d7 Bf3+ 49. Kg3 Kxd4 50. d8Q+ Bd5+ 51. Kf4 Rxb4 52. Qa5 Kc3+ 53. Kg5 Be4 54. Qxa6 Bf5 55. Qa3+ Kc4 56. Kf6 Rb6+ 57. Kg5 Re6 58. Qa4+ Kd3 59. Qb3+ Ke2 60. Qc4+ Kd2 61. Qd4+ Bd3 62. Qb4+ Ke2 63. Qb2+ Ke3 64. Qc1+ Ke2 65. Qb2+ Ke3 66. Qc1+ Ke2 67. Qb2+ Ke3 1/2-1/2

[Event "Rasht Khazar op 12th"]
[Site "Rasht"]
[Date "2014.02.14"]
[Round "5"]
[White "Khademi, Mohammad Miran"]
[Black "Moradi, Behrooz"]
[Result "0-1"]
[WhiteElo "2281"]
[BlackElo "2224"]
[PlyCount "64"]
[EventDate "2014.02.11"]
[EventType "swiss"]
[EventRounds "9"]
[EventCountry "IRI"]
[SourceTitle "CBM 158 Extra"]
[Source "ChessBase"]
[SourceDate "2014.02.28"]
[SourceVersion "1"]
[SourceVersionDate "2014.02.28"]
[SourceQuality "1"]

1. g3 Nf6 2. Bg2 d5 3. d3 c5 4. f4 Nc6 5. c3 e6 6. e4 Be7 7. Ne2 0-0 8. 0-0 c4 9. e5 cxd3 10. Qxd3 Nd7 11. Nd4 Nc5 12. Qe3 Qc7 13. b4 Ne4 14. Nb5 Qd7 15. Qe2 f5 16. Be3 a5 17. Bxe4 fxe4 18. Nd2 axb4 19. Nxe4 bxc3 20. Rfd1 c2 21. Qxc2 Nxe5 22. a4 Nc4 23. Bd4 Qc6 24. Nd2 Bd7 25. Rdc1 e5 26. fxe5 Bg5 27. e6 Bxe6 28. Nxc4 Bxc1 29. Qxc1 dxc4 30. Bxg7 Bh3 31. Qb2 Rf7 32. Bd4 Raf8 0-1

[Event "IRI-ch"]
[Site "Zahedan"]
[Date "2012.12.14"]
[Round "10"]
[White "Khademi, Mohammad Miran"]
[Black "Darban Vaighani, Morteza"]
[Result "0-1"]
[WhiteElo "2296"]
[BlackElo "2384"]
[PlyCount "114"]
[EventDate "2012.12.07"]
[EventType "swiss"]
[EventRounds "11"]
[EventCountry "IRI"]
[SourceTitle "EXT 2014"]
[Source "ChessBase"]
[SourceDate "2013.11.20"]
[SourceVersion "1"]
[SourceVersionDate "2013.11.20"]
[SourceQuality "1"]

1. f4 g6 2. Nf3 Bg7 3. g3 c5 4. e4 Nc6 5. d3 d6 6. c3 Nf6 7. Bg2 0-0 8. 0-0 Rb8 9. h3 b5 10. g4 b4 11. c4 Nd7 12. Qc2 a5 13. Qf2 a4 14. Nbd2 a3 15. Rb1 axb2 16. Bxb2 Ra8 17. Bxg7 Kxg7 18. Nb3 e5 19. fxe5 Ndxe5 20. Nxe5 Nxe5 21. d4 cxd4 22. Nxd4 Ra4 23. Rfd1 Qf6 24. Qd2 Nxc4 25. Qc2 Nb6 26. Nc6 Be6 27. Rf1 Rxa2 28. Qc1 Qh4 29. Rxb4 Nd7 30. Qf4 Ne5 31. Nd4 Qe7 32. Rb7 Qxb7 33. Nxe6+ Kg8 34. Qf6 Rxg2+ 35. Kh1 Rh2+ 36. Kxh2 Qb2+ 37. Kh1 Nc4 38. Qe7 Qb8 39. Nxf8 Qxf8 40. Qc7 Ne5 41. Kh2 Qa8 42. Qxd6 Qxe4 43. Qd8+ Kg7 44. Qf6+ Kg8 45. Rf2 h6 46. Rb2 Kh7 47. Rf2 Kg8 48. Qd8+ Kg7 49. Qd6 Nf3+ 50. Kg3 Ng5 51. Qa3 Qh1 52. Kh4 Qe1 53. Qb2+ Kh7 54. Qe2 Qc3 55. Qf1 Kg8 56. Rf4 Qe3 57. Qh1 Ne4 0-1

[Event "IRI-ch"]
[Site "Zahedan"]
[Date "2012.12.10"]
[Round "6"]
[White "Sadeh, Shahin"]
[Black "Khademi, Mohammad Miran"]
[Result "1-0"]
[WhiteElo "2316"]
[BlackElo "2296"]
[PlyCount "51"]
[EventDate "2012.12.07"]
[EventType "swiss"]
[EventRounds "11"]
[EventCountry "IRI"]
[SourceTitle "EXT 2014"]
[Source "ChessBase"]
[SourceDate "2013.11.20"]
[SourceVersion "1"]
[SourceVersionDate "2013.11.20"]
[SourceQuality "1"]

1. Nf3 d6 2. d4 f5 3. h4 Nf6 4. h5 c6 5. Nc3 Qc7 6. h6 e5 7. dxe5 dxe5 8. e4 b5 9. exf5 Bxf5 10. Qe2 Nbd7 11. Nd4 g6 12. Nxf5 gxf5 13. Qf3 b4 14. Nb5 Qc8 15. Bg5 Be7 16. 0-0-0 0-0 17. Qb3+ Kh8 18. Qe6 Bc5 19. Nd6 Bxd6 20. Rxd6 Qe8 21. Qxf5 Qe7 22. Re6 Nd5 23. Qg4 Qf7 24. Bc4 Rac8 25. Re7 Qf5 26. Bf6+ 1-0

[Event "IRI-ch"]
[Site "Zahedan"]
[Date "2012.12.07"]
[Round "1"]
[White "Khademi, Mohammad Miran"]
[Black "Akbari, Mohammadreza"]
[Result "1-0"]
[WhiteElo "2296"]
[BlackElo "2047"]
[PlyCount "81"]
[EventDate "2012.12.07"]
[EventType "swiss"]
[EventRounds "11"]
[EventCountry "IRI"]
[SourceTitle "EXT 2014"]
[Source "ChessBase"]
[SourceDate "2013.11.20"]
[SourceVersion "1"]
[SourceVersionDate "2013.11.20"]
[SourceQuality "1"]

1. e4 c5 2. Nc3 Nc6 3. d3 g6 4. Be3 d6 5. Nge2 Bg7 6. g3 Nd4 7. Bg2 e6 8. 0-0 Ne7 9. Qd2 0-0 10. Rae1 Nec6 11. Nc1 Nb4 12. Bxd4 cxd4 13. N3e2 Nc6 14. f4 h5 15. h3 Bd7 16. g4 Kh7 17. Bf3 h4 18. c3 Qb6 19. Kh1 Rac8 20. Ng1 dxc3 21. bxc3 Na5 22. c4 Nc6 23. Bg2 Qb2 24. Qxb2 Bxb2 25. Nce2 Bg7 26. Rb1 Na5 27. Nf3 a6 28. Rb6 d5 29. exd5 exd5 30. Ng5+ Kg8 31. Bxd5 Bc6 32. Bxc6 Rxc6 33. Rxc6 Nxc6 34. f5 Nb4 35. f6 Bh6 36. Nf3 Re8 37. g5 Bf8 38. Nf4 Re3 39. Nxh4 Nxd3 40. Nhg2 Rg3 41. Kh2 1-0

[Event "Hamadan Iran op 11th"]
[Site "Hamadan"]
[Date "2012.07.16"]
[Round "8"]
[White "Khademi, Mohammad Miran"]
[Black "Valizadeh, Ali"]
[Result "1-0"]
[WhiteElo "2280"]
[BlackElo "2202"]
[PlyCount "69"]
[EventDate "2012.07.11"]
[EventType "swiss"]
[EventRounds "11"]
[EventCountry "IRI"]
[SourceTitle "CBM 149 Extra"]
[Source "ChessBase"]
[SourceDate "2012.08.24"]
[SourceVersion "1"]
[SourceVersionDate "2012.08.24"]
[SourceQuality "1"]

1. e4 c5 2. Nc3 Nc6 3. d3 d6 4. Be3 g6 5. g3 Bg7 6. Bg2 e6 7. Nge2 Nd4 8. 0-0 Ne7 9. Qd2 0-0 10. Nd1 Nec6 11. c3 Nxe2+ 12. Qxe2 b6 13. f4 Ba6 14. f5 Ne5 15. c4 b5 16. fxe6 fxe6 17. Rxf8+ Qxf8 18. Rc1 bxc4 19. dxc4 Rd8 20. Nf2 d5 21. b3 dxc4 22. bxc4 Bh6 23. Bh3 Rd6 24. Ng4 Bxe3+ 25. Qxe3 Rd3 26. Qe2 Rd2 27. Qe3 Rd3 28. Qe2 Rd2 29. Qe3 Nxc4 30. Qg5 Qd6 31. Nf6+ Kh8 32. Rf1 Qd4+ 33. Kh1 Bb7 34. Qh4 h5 35. Qf4 1-0

[Event "Hamadan Iran op 11th"]
[Site "Hamadan"]
[Date "2012.07.13"]
[Round "4"]
[White "Khademi, Mohammad Miran"]
[Black "Heydari, Gholamreza"]
[Result "1-0"]
[WhiteElo "2280"]
[BlackElo "2115"]
[PlyCount "73"]
[EventDate "2012.07.11"]
[EventType "swiss"]
[EventRounds "11"]
[EventCountry "IRI"]
[SourceTitle "CBM 149 Extra"]
[Source "ChessBase"]
[SourceDate "2012.08.24"]
[SourceVersion "1"]
[SourceVersionDate "2012.08.24"]
[SourceQuality "1"]

1. e4 c5 2. b3 d6 3. Bb2 Nf6 4. Bb5+ Bd7 5. Bxd7+ Qxd7 6. d3 Qg4 7. Qxg4 Nxg4 8. Nc3 Nc6 9. Nge2 e6 10. h3 Nf6 11. 0-0-0 Be7 12. d4 cxd4 13. Nxd4 Rc8 14. Ndb5 Rd8 15. Ba3 d5 16. exd5 Bxa3+ 17. Nxa3 Nxd5 18. Nxd5 Rxd5 19. Rxd5 exd5 20. Rd1 Ne7 21. c4 dxc4 22. Nxc4 Nc8 23. Na5 b6 24. Nc6 0-0 25. Rd7 a5 26. a4 Re8 27. Kd2 g6 28. Kd3 Kg7 29. Kc4 Re2 30. Kb5 Rc2 31. Rc7 Rc5+ 32. Ka6 Rc3 33. Rxc8 Rxb3 34. Rc7 Ra3 35. Ne5 Rxa4 36. Rxf7+ Kg8 37. Kxb6 1-0

[Event "Rasht Khazar op 10th"]
[Site "Rasht"]
[Date "2012.03.04"]
[Round "6"]
[White "Khademi, Mohammad Miran"]
[Black "Toufighi, Homayoon"]
[Result "0-1"]
[WhiteElo "2305"]
[BlackElo "2428"]
[PlyCount "72"]
[EventDate "2012.02.29"]
[EventType "swiss"]
[EventRounds "11"]
[EventCountry "IRI"]
[SourceTitle "CBM 147 Extra"]
[Source "ChessBase"]
[SourceDate "2012.04.24"]
[SourceVersion "1"]
[SourceVersionDate "2012.04.24"]
[SourceQuality "1"]

1. f4 d6 2. e4 g6 3. Nf3 Bg7 4. d3 c5 5. g3 Nc6 6. c3 e6 7. Bg2 Nge7 8. Be3 0-0 9. 0-0 b5 10. a3 Rb8 11. d4 cxd4 12. Nxd4 a5 13. Nd2 Nxd4 14. Bxd4 Bxd4+ 15. cxd4 Qb6 16. Nf3 Bb7 17. Re1 Rbc8 18. Qd2 Rc7 19. Rad1 Rfc8 20. f5 exf5 21. exf5 Nxf5 22. g4 Rc2 23. Qf4 Rxg2+ 24. Kxg2 Nh4+ 25. Kg3 Nxf3 26. Re7 Rf8 27. Rd3 Bd5 28. Rxf3 Bxf3 29. Kxf3 Qc6+ 30. Kg3 Qd5 31. Kh4 h6 32. Kg3 Rc8 33. Re2 Kg7 34. h4 Rc4 35. Re4 g5 36. Qe3 Rc2 0-1

[Event "Asia-ch"]
[Site "Mashhad"]
[Date "2011.05.10"]
[Round "9"]
[White "Sadeh, Shahin"]
[Black "Khademi, Mohammad Miran"]
[Result "1-0"]
[WhiteElo "2343"]
[BlackElo "2308"]
[PlyCount "43"]
[EventDate "2011.05.02"]
[EventType "swiss"]
[EventRounds "9"]
[EventCountry "IRI"]
[SourceTitle "CBM 142"]
[Source "ChessBase"]
[SourceDate "2011.05.17"]
[SourceVersion "1"]
[SourceVersionDate "2011.05.17"]
[SourceQuality "1"]

1. Nf3 g6 2. d4 Bg7 3. c3 b6 4. e4 Bb7 5. Bd3 d6 6. 0-0 Nf6 7. e5 Nfd7 8. e6 fxe6 9. Ng5 Nf8 10. Qe2 Qd7 11. Re1 Nc6 12. a4 e5 13. d5 Nd8 14. c4 e6 15. Nc3 Nf7 16. a5 Nxg5 17. Bxg5 Qf7 18. a6 Bc8 19. Be4 Rb8 20. Nb5 h6 21. Be3 Nh7 22. Qc2 1-0

[Event "Asia-ch"]
[Site "Mashhad"]
[Date "2011.05.09"]
[Round "8"]
[White "Khademi, Mohammad Miran"]
[Black "Arabi, Saeid"]
[Result "1-0"]
[WhiteElo "2308"]
[BlackElo "2141"]
[PlyCount "79"]
[EventDate "2011.05.02"]
[EventType "swiss"]
[EventRounds "9"]
[EventCountry "IRI"]
[SourceTitle "CBM 142"]
[Source "ChessBase"]
[SourceDate "2011.05.17"]
[SourceVersion "1"]
[SourceVersionDate "2011.05.17"]
[SourceQuality "1"]

1. e4 c5 2. c3 Nf6 3. e5 Nd5 4. d4 cxd4 5. Qxd4 e6 6. Bc4 Nc6 7. Qe4 Nb6 8. Bb3 Be7 9. Nf3 f5 10. Qe2 0-0 11. 0-0 Kh8 12. a4 d5 13. exd6 Bxd6 14. Ng5 Qf6 15. Bxe6 Bxe6 16. Qxe6 Rae8 17. Nf7+ Qxf7 18. Qxd6 Nc4 19. Qd1 f4 20. b3 N4e5 21. f3 Qf5 22. Nd2 Rd8 23. Ba3 Rfe8 24. Re1 Qg6 25. Kh1 h6 26. Re2 Nd3 27. Qf1 Nce5 28. Qg1 b6 29. Rd1 Qh5 30. Qf1 Qf7 31. c4 Ng6 32. Ne4 Qc7 33. Bd6 Qc6 34. Rxd3 Rxe4 35. Rxe4 Rxd6 36. Rxd6 Qxd6 37. Re8+ Kh7 38. Qe2 Qa3 39. h4 Qa1+ 40. Qe1 1-0